=LDR 00000nam 2200000 4500 =001 INLIS000000000005281 =005 20130612093528 =008 ***********************************Ind** =035 ##$$0010-061300000005281 =041 ##$$a Ind =082 ##$$a F Rom D =090 ##$$a F Rom D, Fis s =100 ##$$a TISNA. Panji =245 ##$$a I Swasta setahun di Bedahulu, Pandji Tisna. -- =650 ##$$a 1996 $b Jakarta =990 ##$$a 0001/BPAP-NTB/2016